Statistics for Dutch verbs

Click here to take the quiz!

General Stats

  • This quiz has been taken 4 times
  • The average score is 18 of 25

Answer Stats

HintWriteAnswer% Correct
DoDoen
100%
DrinkDrinken
100%
EatEten
100%
GoGaan
100%
HaveHebben
100%
HearHoren
100%
WriteSchrijven
100%
SleepSlapen
100%
SpeakSpreken
100%
StopStoppen
100%
WorkWerken
100%
StartBeginnen
75%
CallBellen
75%
WatchKijken
75%
TakeNemen
75%
TalkPraaten
75%
TypeTypen
75%
SeeZien
75%
BeZijn
75%
TouchAanraken
50%
TasteProeven
25%
PassSlagen
25%
DriveDrijfveer
0%
SmellKviken
0%
PlaySpeler
0%

Score Distribution

Percentile by Number Answered

Percent of People with Each Score

Your Score History

You have not taken this quiz